01468 a2200181 45000010006000000050017000060080041000230030015000640400040000790800041001192450045001600200018002052640034002233000019002575050915002760410008011911000087011995766720260407155836.0260407a2004 arg spa dAR-UNSa-BCEJYS aAR-UNSa-BCEJYSbspacAR-UNSa-BCEJYS a334.713xPequeña industria (Pymes)10aLas Pymes argentinaspmitos y realidades a987-21698-0-2 1aBuenos Aires :bABAPPRAc2004 a280 p.c20 cm. a1. Presentación / Carlos Heller – 2. La realidad PyMe / Edgardo Acuña – 3. El entorno macroeconómico y su impacto sobre las PyMEs / Debora Giorgi y Hernan del Villar – 4. Políticas públicas para las PyMEs / Federico Poli – 5. Las PyMes y su importancia para la competitividad estratégica / Gabriel Yoguel – 6. Las “economías de aglomeración” en los manchones territoriales-sectoriales de MyMi / Vicente N. Donato – 7. PyMEs, patrón de crecimiento y empleo en Argentina / Daniel Kostzer y Diego Schleser – 8. La inserción externa de la economía argentina y la problemática PyME: entre la gestión de políticas y los condicionamientos macroeconómicos / Gustavo Svarzman – 9. La crónica restricción de acceso al crédito de las PyMEs argentinas. Diagnóstico y propuestas / Leonardo Bleger y Mariano Borzel – 10. Definición PyME en la Argentina / IdePyME aspa1 aAsociación de Bancos Públicos y Privados de la República Argentina (ABAPPRA)